000 00533nam a2200205Ia 4500
005 20240318151532.0
008 131103s9999 xx 000 0 und d
040 _aLoreto College
041 _aEnglish
082 _a150
_bGAR
100 _aGarrett,Henry E.
245 _aGeneral Psychology,
_cHenry E.Garrett
250 _a2nd ed.
260 _aNew Delhi
_bEurasia Pub.
_c1990
300 _avi,649p.
504 _aIncludes bibliographical references and index
650 _aPsychology
850 _aLCBED
942 _cBK
999 _c26823
_d77302